[Event "Titled Tue 5th Nov Late"]
[Site "chess.com INT"]
[Date "2024.11.05"]
[Round "9"]
[White "Bok, B.."]
[Black "Nakamura, Hi"]
[Result "1-0"]
[WhiteElo "2593"]
[BlackElo "2802"]
[PlyCount "91"]
[EventDate "2024.11.05"]

1. d4 Nf6 2. c4 e6 3. Nc3 Bb4 4. Qc2 O-O 5. a3 Bxc3+ 6. Qxc3 d5 7. Bg5 dxc4 8. Qxc4 b6 9. Rd1 Ba6 10. Qa4 Qd7 11. Qc2 Qe7 12. Nf3 h6 ({RR} 12... Rc8 13. e4 Bxf1 14. Kxf1 Qf8 15. Bxf6 gxf6 16. g3 Nd7 17. Kg2 c5 18. d5 Rd8 19. Rd2 exd5 20. exd5 Re8 21. Nh4 Qh6 22. Nf5 Qg6 23. f4 Kh8 24. h3 Rad8 25. g4 Nf8 26. Rhd1 Rd7 27. Kf3 {Brunner,N (2417)-Fischer,D (2353) Switzerland SUI 2025 ½-½ (43)}) 13. Bxf6 Qxf6 14. g3 Bb7 $146 ({RR} 14... c5 15. Bg2 Bb7 16. O-O Nd7 17. Ne5 Bxg2 18. Nxd7 Qe7 19. Kxg2 Qxd7 20. dxc5 Qc6+ 21. Kg1 Rac8 22. b4 bxc5 23. bxc5 Qxc5 24. Qxc5 Rxc5 25. Rd7 Ra5 26. Ra1 Rc8 27. Rb1 Rxa3 28. Rbb7 Rf8 29. Rxa7 {Collins,M (2174)-Ceres,D (2244) Chess.com INT 2020 ½-½ (60)}) ({RR} 14... c5 15. Bg2 Bb7 16. O-O Nd7 17. Ne5 Bxg2 18. Nxd7 Qe7 19. Kxg2 Qxd7 20. dxc5 Qc6+ 21. Kg1 Rac8 22. b4 bxc5 23. bxc5 Qxc5 24. Qxc5 Rxc5 25. Rd7 Ra5 26. Ra1 Rc8 27. Rb1 Rxa3 28. Rbb7 Rf8 29. Rxa7 {Collins,M (2174)-Ceres,D (2244) Chess.com INT 2020 ½-½ (60)}) 15. Bg2 g6 16. Qxc7 Bd5 17. Qf4 Qxf4 18. gxf4 Nc6 19. O-O Rac8 20. e3 Na5 21. Ne5 Rc2 22. Bxd5 exd5 23. Nd3 Nb3 24. Nb4 Rxb2 25. Rb1 Rxb1 26. Rxb1 Nd2 27. Rc1 Rd8 28. Rc7 a5 29. Nc6 Rd6 30. Ne5 f5 31. a4 g5 32. fxg5 hxg5 33. f3 g4 34. fxg4 fxg4 35. Nxg4 Nc4 36. Kf2 Nb2 37. Kf3 Nxa4 38. Kf4 Nb2 39. Ke5 Nc4+ 40. Rxc4 dxc4 41. Kxd6 c3 42. Nf2 a4 43. Nd3 a3 44. Nb4 b5 45. d5 Kf7 46. Ke5 1-0

[Event "PRO League KO 2023"]
[Site "chess.com INT"]
[Date "2023.05.12"]
[Round "1.3"]
[White "Bok, B.."]
[Black "Nakamura, Hi"]
[Result "1/2-1/2"]
[WhiteElo "2607"]
[BlackElo "2775"]
[PlyCount "34"]
[EventDate "2023.05.11"]
[WhiteTeam "Saint Louis Arch Bishops"]
[BlackTeam "Gotham Knights"]

1. d4 Nf6 2. c4 e6 3. Nc3 Bb4 4. Qc2 O-O 5. a3 Bxc3+ 6. Qxc3 d5 7. Bg5 dxc4 8. Qxc4 b6 9. Rd1 Ba6 10. Qa4 Qd7 11. Qc2 Rc8 12. Bxf6 gxf6 13. Nf3 c5 14. dxc5 Qe7 15. e3 $146 ({RR} 15. Qe4 Qxc5 16. e3 Nc6 17. Bxa6 Qa5+ 18. Kf1 Qxa6+ 19. Kg1 Ne7 20. h3 Qe2 21. Rd2 Qc4 22. Rd8+ Kg7 23. Qxc4 Rxc4 24. Rxa8 a5 25. Rb8 Nd5 26. Nd4 f5 27. g3 Kf6 28. Kg2 e5 29. Rd8 Nxe3+ {Al Saidi,M (1742)-Al Masheki,A (1705) Muscat 2019 1-0 (37)}) 15... Rxc5 16. Qa4 Bxf1 17. Rxf1 Nc6 1/2-1/2

[Event "ITA-chT 47th"]
[Site "Civitanova Marche"]
[Date "2015.04.30"]
[Round "3.1"]
[White "Brunello, Sabino"]
[Black "Nakamura, Hikaru"]
[Result "1/2-1/2"]
[WhiteElo "2540"]
[BlackElo "2798"]
[PlyCount "126"]
[EventDate "2015.04.29"]
[EventType "team-swiss"]
[EventRounds "7"]
[EventCountry "ITA"]
[SourceTitle "CBM 166 Extra"]
[Source "ChessBase"]
[SourceDate "2015.06.18"]
[SourceVersion "1"]
[SourceVersionDate "2015.06.18"]
[SourceQuality "1"]
[WhiteTeam "Modena"]
[BlackTeam "Padova"]
[WhiteTeamCountry "ITA"]
[BlackTeamCountry "ITA"]

1. d4 Nf6 2. c4 e6 3. Nf3 d5 4. Nc3 Bb4 5. e3 O-O 6. Bd3 dxc4 7. Bxc4 a6 8. O-O Nbd7 ({RR} 8... b5 9. Be2 Bb7 10. a4 bxa4 11. Nxa4 Nbd7 12. Bd2 a5 13. Bxb4 axb4 14. Nd2 Qe7 15. Qc2 Rfc8 16. Nb3 Be4 17. Bd3 Bxd3 18. Qxd3 e5 19. Nac5 Nxc5 20. Nxc5 h6 21. Qc4 exd4 22. Qxd4 Rab8 23. h3 {Ju,W (2560)-Van Foreest,J (2714) chess24.com INT 2022 ½-½ (132)}) ({RR} 8... b5 9. Bd3 Bb7 10. Qc2 Nbd7 11. Ne4 Nxe4 12. Bxe4 Bxe4 13. Qxe4 Nf6 14. Qc2 Rc8 15. a3 Bd6 16. b4 Nd5 17. e4 Nb6 18. Rd1 c6 19. Bg5 f6 20. Bh4 Qe8 21. e5 Be7 22. exf6 gxf6 23. Rd3 {Calvo Gonzalez,J (2198)-Ishvi,A (1954) chess.com INT 2025 0-1 (52)}) 9. a3 Bxc3 10. bxc3 b6 $146 ({RR} 10... b5 11. Bd3 Bb7 12. a4 Rb8 13. axb5 axb5 14. Qe2 Bxf3 15. gxf3 Nd5 16. Bd2 b4 17. cxb4 Nxb4 18. Bxb4 Rxb4 19. f4 Nf6 20. Rfc1 g6 21. Rc5 Nd7 22. Rc2 Qb8 23. Re1 Rb7 24. Be4 Ra7 25. Rb2 {Portisch,F (2385)-Hardicsay,P (2360) Hungary 1994 ½-½ (65)}) ({RR} 10... b5 11. Be2 Nb6 12. Qc2 Bb7 13. Ne5 Be4 14. Bd3 Qd5 15. f3 Bxd3 16. Qxd3 Rad8 17. e4 Qxe5 18. dxe5 Rxd3 19. exf6 Rxc3 20. Bb2 Rd3 21. Be5 c5 22. fxg7 Nc4 23. gxf8=Q+ Kxf8 24. Bg3 Nxa3 25. Bf2 {Von Muenchhausen,K (1511)-Berg,G (1679) Berlin 2009 1-0}) 11. a4 Bb7 12. Ba3 c5 13. Be2 Qc7 14. h3 Rfd8 15. Qb3 Ne4 16. c4 a5 17. Rfd1 Ba6 18. Rac1 Rac8 19. Qc2 Nd6 20. Ng5 Nf8 21. dxc5 bxc5 22. Bb2 Bb7 23. Bf3 Bxf3 24. Nxf3 f6 25. Rd3 Nd7 26. Bc3 Nb8 27. Nd2 Nc6 28. Nb3 Nb7 29. Rcd1 Rxd3 30. Rxd3 Rd8 31. Rxd8+ Ncxd8 32. Qd3 Nc6 33. f4 f5 34. g4 g6 35. Kf2 Kf8 36. Kg3 Ke8 37. e4 Qb6 38. Nd2 fxg4 39. hxg4 Nb4 40. Qe2 Qc6 41. Qh2 Qd7 42. Nf3 Nd6 43. Ng5 Nxe4+ 44. Nxe4 Qd3+ 45. Kh4 Qxe4 46. Kg5 Qb7 47. Bf6 Nc6 48. Qg1 Qa7 49. Qe3 Kf7 50. Qh3 Kg8 51. Qh1 Qc7 52. Qe4 Qd6 53. Qh1 Qd7 54. Qe4 Qe8 55. f5 gxf5 56. gxf5 Nd8 57. Kf4 Kf8 58. Bxd8 Qxd8 59. Qxe6 Qh4+ 60. Kf3 Qh1+ 61. Kf2 Qh4+ 62. Kf3 Qh1+ 63. Kf2 Qh4+ 1/2-1/2

[Event "Chessable Masters Div 1 W"]
[Site "chess.com INT"]
[Date "2023.04.07"]
[Round "4.3"]
[White "Caruana, F.."]
[Black "Nakamura, Hi"]
[Result "0-1"]
[WhiteElo "2764"]
[BlackElo "2775"]
[PlyCount "108"]
[EventDate "2023.04.03"]

1. d4 Nf6 2. c4 e6 3. Nc3 Bb4 4. Qc2 O-O 5. a3 Bxc3+ 6. Qxc3 d5 7. cxd5 Ne4 8. Qc2 exd5 9. Bf4 Nc6 10. e3 Re8 11. Nf3 g5 12. Bg3 g4 13. Ne5 Nxe5 14. dxe5 Bf5 15. Bd3 Bg6 16. Bf4 c5 $146 ({RR} 16... Qe7 17. O-O Nc5 18. Bxg6 fxg6 19. Rac1 Ne6 20. Qd1 Nxf4 21. exf4 Qd7 22. Rc3 Rf8 23. g3 Rae8 24. Qd4 a6 25. b4 c6 26. f3 gxf3 27. Rcxf3 Qf5 28. Kg2 h5 29. h3 Re6 30. R1f2 Rd8 31. Qd3 {Maiti,M (2316)-Shmeliov,D (2436) New York 2022 ½-½ (35)}) 17. O-O c4 18. Bxe4 Bxe4 19. Qe2 Qd7 20. Rfd1 Bd3 21. Qd2 Re6 22. Rac1 Rg6 23. Qc3 Qf5 24. b3 Qe4 25. Rd2 h5 26. Bg3 Re8 27. Rb2 Rh6 28. bxc4 dxc4 29. Bf4 Rg6 30. e6 Rgxe6 31. Rb5 f5 32. Rc5 Rc6 33. Rxc6 Qxc6 34. Qd4 h4 35. h3 gxh3 36. gxh3 Kf7 37. Kh2 Rg8 38. f3 Be2 39. Qe5 Qd7 40. Rc2 Bxf3 41. e4 Bxe4 42. Rd2 Bd3 43. Rf2 Re8 44. Qb2 Be4 45. Rd2 Bd3 46. Rg2 Rg8 47. Rxg8 Kxg8 48. Qf6 Qg7 49. Qd8+ Kf7 50. Qd5+ Kg6 51. Qe6+ Kh7 52. Qe8 Qb2+ 53. Kg1 Qd4+ 54. Be3 Qg7+ 0-1

[Event "Chessable Masters Div 1 W"]
[Site "chess.com INT"]
[Date "2023.04.07"]
[Round "4.1"]
[White "Caruana, F.."]
[Black "Nakamura, Hi"]
[Result "0-1"]
[WhiteElo "2764"]
[BlackElo "2775"]
[PlyCount "120"]
[EventDate "2023.04.03"]

1. d4 Nf6 2. c4 e6 3. Nc3 Bb4 4. Qc2 O-O 5. a3 Bxc3+ 6. Qxc3 d5 7. cxd5 Ne4 8. Qc2 exd5 9. Bf4 Nc6 10. e3 Bf5 11. Bd3 Re8 12. Nf3 Qf6 13. O-O Nd6 $146 ({RR} 13... Rad8 14. Rac1 h6 15. Qb3 Nd6 16. Bxf5 Qxf5 17. Bxd6 Rxd6 18. Qxb7 Qd7 19. Qb3 Rg6 20. g3 Re4 21. Kg2 h5 22. Rc5 Rd6 23. h4 Qf5 24. Qc2 Qf6 25. Ng5 {1-0 (25) Enchev,I (2443)-Grimm,J (1939) Hofheim 2014}) 14. Rac1 Bxd3 15. Qxd3 Nc4 16. Bxc7 Rac8 17. Bf4 Qg6 18. Qc3 Qe6 19. b3 Nd6 20. Qd3 Ne4 21. Rc2 Ne7 22. Rfc1 Rxc2 23. Rxc2 Rc8 24. Nd2 g5 25. Bg3 Rc6 26. Nf1 Qf5 27. Rxc6 Nxc6 28. Qd1 Nc3 29. Qd2 Ne4 30. Qb2 h5 31. h4 g4 32. Bf4 Ne7 33. Ng3 Nxg3 34. Bxg3 Qc8 35. Kh2 f5 36. Qe2 Qc6 37. a4 a6 38. Qd3 Kf7 39. Be5 Ke6 40. Bg3 Ng8 41. Qd2 Nf6 42. Qb4 Kf7 43. Qa5 Ke7 44. Bf4 Ne4 45. Bg5+ Ke6 46. Qd8 Qd6+ 47. Qxd6+ Kxd6 48. f3 gxf3 49. gxf3 Nd2 50. Kg3 Nxb3 51. Kf4 Ke6 52. Bd8 b5 53. axb5 axb5 54. Kg5 b4 55. Kxh5 Nxd4 56. Ba5 b3 57. Bc3 Nxf3 58. Bb2 f4 59. Kg4 Ne5+ 60. Kxf4 Nd3+ 0-1

[Event "FIDE World Cup"]
[Site "Tromsoe"]
[Date "2013.08.11"]
[Round "1.1"]
[White "Cori Tello, Deysi Estella"]
[Black "Nakamura, Hikaru"]
[Result "0-1"]
[WhiteElo "2434"]
[BlackElo "2772"]
[PlyCount "54"]
[EventDate "2013.08.11"]
[EventType "k.o."]
[EventRounds "7"]
[EventCountry "NOR"]
[SourceTitle "CBM 156"]
[Source "ChessBase"]
[SourceDate "2013.09.17"]
[SourceVersion "1"]
[SourceVersionDate "2013.09.17"]
[SourceQuality "1"]

1. d4 Nf6 2. c4 e6 3. Nf3 Bb4+ 4. Bd2 c5 5. e3 O-O 6. Bd3 b6 7. O-O Bb7 8. Nc3 cxd4 9. exd4 d5 10. cxd5 Nxd5 11. Qc2 ({RR} 11. Ne5 Be7 12. Re1 Nd7 13. Qh5 f5 14. Nxd7 Qxd7 15. Bb5 Qd6 16. Bc4 Bf6 17. Rad1 Rad8 18. Bb3 a6 19. Bc1 Rfe8 20. h3 b5 21. Qe2 Nxc3 22. bxc3 Bd5 23. c4 bxc4 24. Bxc4 Bxc4 25. Qxc4 Qd5 {Sarana,A (2712)-Caruana,F (2805) chess.com INT 2024 ½-½ (57)}) ({RR} 11. Re1 Nd7 12. a3 Bd6 13. Bg5 Be7 14. Bxe7 Nxe7 15. Bc2 Nf6 16. Qd3 Bxf3 17. Qxf3 Qxd4 18. Rad1 Qg4 19. Qxg4 Nxg4 20. Rd7 Ng6 21. Be4 Rac8 22. Rxa7 N4e5 23. Rb7 Nc4 24. Nd1 Rfd8 25. a4 Nd6 {Awoki,D (2152)-Kiseleva,A (1901) chess.com INT 2024 0-1 (43)}) 11... Nf6 12. Ne4 $146 ({RR} 12. Bg5 h6 13. Bh4 Bxf3 14. gxf3 Qxd4 15. Bg3 Nbd7 16. Rad1 Qc5 17. a3 Bxc3 18. bxc3 Rfc8 19. Be4 Nxe4 20. Qxe4 Nf6 21. Qb7 Qxc3 22. Rd6 Qxa3 23. Rfd1 Nd5 24. Rd7 Qxf3 25. Rd4 Rc1+ {0-1 (25) Estremera Panos,S (2269)-Papayan,O (2253) chess.com INT 2023}) ({RR} 12. Bg5 h6 13. Bh4 Bxf3 14. gxf3 Qxd4 15. Bg3 Nbd7 16. Rad1 Qc5 17. a3 Bxc3 18. bxc3 Rfc8 19. Be4 Nxe4 20. Qxe4 Nf6 21. Qb7 Qxc3 22. Rd6 Qxa3 23. Rfd1 Nd5 24. Rd7 Qxf3 25. Rd4 Rc1+ {0-1 (25) Estremera Panos,S (2269)-Papayan,O (2253) chess.com INT 2023}) 12... Bxd2 13. Nxf6+ Qxf6 14. Bxh7+ Kh8 15. Be4 Rc8 16. Qd3 Bxe4 17. Qxe4 Nc6 18. Nxd2 Qxd4 19. Rfd1 Qxb2 20. Nc4 Qb4 21. Rab1 Qa4 22. Qe2 Rd8 23. Nd6 Kg8 24. Rbc1 Ne7 25. Qf3 Nf5 26. Rc7 Rab8 27. Rc4 Qxa2 0-1

[Event "Candidates Tournament"]
[Site "Madrid"]
[Date "2022.06.25"]
[Round "7"]
[White "Duda, Jan Krzysztof"]
[Black "Nakamura, Hikaru"]
[Result "1/2-1/2"]
[WhiteElo "2750"]
[BlackElo "2760"]
[PlyCount "80"]
[EventDate "2022.06.17"]
[EventType "tourn"]
[EventRounds "14"]
[EventCountry "ESP"]
[EventCategory "21"]
[SourceTitle "CBM 209"]
[Source "ChessBase"]
[SourceDate "2022.08.31"]
[SourceVersion "1"]
[SourceVersionDate "2022.08.31"]
[SourceQuality "1"]

1. d4 Nf6 2. c4 e6 3. Nc3 Bb4 4. e3 O-O 5. Bd3 c5 6. Nge2 d5 7. cxd5 cxd4 8. exd4 Nxd5 9. O-O Nc6 10. a3 Bd6 11. Re1 Nce7 ({RR} 11... Re8 12. Bc2 Qh4 13. g3 Qh5 14. Ne4 Bf8 15. N2c3 Qxd1 16. Rxd1 Rd8 17. Bg5 Be7 18. Nxd5 exd5 19. Bxe7 Nxe7 20. Nc3 Be6 21. f3 Rac8 22. Rac1 g6 23. Kf2 Kg7 24. Bb3 h5 25. h4 Rc6 26. Ne2 {Caruana,F (2806)-Nakamura,H (2736) Saint Louis 2021 ½-½ (71)}) ({RR} 11... Qh4 12. g3 Qh5 13. Be4 ({RR} 13. Nxd5 exd5 14. Bf4 Be7 ({RR} 14... Rd8 15. Qd2 Bf8 16. Bc7 Rd7 17. Ba5 Nxa5 18. Qxa5 Qg5 19. Nf4 Qd8 20. Qb5 g6 21. Bf1 a6 22. Qa4 Bh6 23. Nd3 Kf8 24. Bg2 Rd6 25. h4 Bf5 26. Nc5 Qb6 27. b4 Qc7) 15. h4 ({RR} 15. Nc3 Bg4 16. Be2 Bxe2 17. Qxe2 Qxe2 18. Rxe2 Rfd8 19. Rd1 Rac8 20. h4 f6 21. h5 Kf7 22. Kg2 Na5 23. Rd3 Nc4 24. g4 Rc6 25. Nd1 Bd6 26. Bxd6 Rdxd6 27. a4 Rb6) ({RR} 15. Qb3 a6 16. Rac1 Rd8 17. Bc7 Rd7 18. Bb6 Bf8 19. Nf4 Qh6 20. Nxd5 Rd6 21. Bc4 Be6 22. Nf4 Bxc4 23. Qxc4 g5 24. Nd3 Bg7 25. d5 Ne5 26. Nxe5 Rxb6 27. Nxf7 Qh5) 15... Bg4 16. Qd2 h6 17. Be3 g5 18. Bc2 f5 19. Nc3 Rad8 20. hxg5 Bf3) 13... Nce7 14. Qd3 Bd7 15. Bf3 Qg6 16. Qxg6 hxg6 17. Nxd5 Nxd5 18. Bxd5 exd5 19. Bf4 Bxf4 20. Nxf4 Bc6 21. h4 Rfe8 22. f3 Kf8 23. Kf2 Rac8 24. Rac1 Rxe1 25. Kxe1 Re8+ 26. Kd2 {Perdomo,L (2364)-Lima,K (2085) Golden Tower - R Dep. Lacerda 2025 ½-½ (79)}) ({RR} 11... Re8 12. Bc2 Qh4 13. Ng3 Bd7 14. Re4 Qd8 15. Qd3 f5 16. Re1 Qf6 17. Nxd5 exd5 18. Be3 g6 19. f4 Na5 20. b3 Re7 21. Bd2 Rxe1+ 22. Bxe1 Nc6 23. Ne2 Re8 24. Bc3 Qe7 25. Kf1 Bxa3 26. Ng1 {Sarana,A (2685)-Nakamura,H (2750) Chess.com INT 2022 0-1}) 12. Bc2 Bd7 13. Qd3 $146 ({RR} 13. Ne4 Bc7 14. Qd3 Ng6 15. Bg5 f6 16. Bd2 Bc6 17. Nc5 Qd6 18. Qh3 f5 19. Bb3 Rae8 20. Nd3 a5 21. g3 Qd8 22. Rad1 Qf6 23. Nc5 b6 24. Ba4 Bxa4 25. Nxa4 f4 26. Nac3 Nxc3 27. Bxc3 fxg3 {Panjwani,R (2469)-Dionisi,T (2401) Leca da Palmeira POR 2023 1-0 (40)}) 13... f5 14. Bb3 Qb6 15. Nxd5 Nxd5 16. Bxd5 exd5 17. Bf4 Rae8 18. g3 Bxf4 19. Nxf4 Re4 20. Red1 Bc6 21. h4 Rfe8 22. Qc3 g6 23. b4 Ba4 24. Rd2 Qc6 25. Qc5 Re1+ 26. Rxe1 Rxe1+ 27. Kg2 Qxc5 28. bxc5 Bc6 29. Re2 Rd1 30. Ne6 Bd7 31. Nd8 Rxd4 32. Re7 Bc6 33. Nxc6 bxc6 34. Rc7 Ra4 35. Rxc6 Rxa3 36. Rd6 Rc3 37. Rxd5 a5 38. c6 a4 39. Ra5 a3 40. c7 Rxc7 1/2-1/2

[Event "Gibraltar Masters 15th"]
[Site "Caleta"]
[Date "2017.02.02"]
[Round "10"]
[White "Edouard, Romain"]
[Black "Nakamura, Hikaru"]
[Result "0-1"]
[WhiteElo "2613"]
[BlackElo "2785"]
[Annotator "Navara,David"]
[PlyCount "70"]
[EventDate "2017.01.24"]
[EventType "swiss"]
[EventRounds "10"]
[EventCountry "GGB"]
[SourceTitle "CBM 177"]
[Source "ChessBase"]
[SourceDate "2017.03.16"]
[SourceVersion "1"]
[SourceVersionDate "2017.03.16"]
[SourceQuality "1"]

{Before the last round, David Anton Guijarro was leading by half a point. Romain Edouard and Hikaru Nakamura were amongst the 8 players who were half a point behind.} 1. d4 Nf6 2. c4 e6 3. Nc3 Bb4 4. Nf3 O-O 5. Bg5 c5 6. Rc1 (6. d5 {might lead to a Benoni-like type of pawn structure with mutual chances and no connection to the true Benoni.}) 6... h6 7. Bh4 cxd4 8. Nxd4 d5 9. e3 (9. cxd5 g5 $1 10. Bg3 Qxd5 11. e3 Qxa2 {Cavajda - Peuraniemi, 2012, corr. The game eventually finished in a draw.}) 9... e5 $5 {This idea was (first?) played by GM Alexey Kuzmin back in 1987. Hikaru Nakamura was born in that year, while Romain Edouard is even several years younger.} 10. Nf3 d4 {This idea must have surprised White, who started spending a lot of time. For good reason, as the position is very tricky and any mistake might have serious consequences.} 11. exd4 exd4 12. Nxd4 $146 {This might be inaccurate.} (12. Qxd4 {was probably better.} Qe7+ (12... g5 13. Bg3 Re8+ 14. Be2 Qe7 15. O-O Nc6 16. Qe3 Bxc3 17. bxc3 Qxe3 18. fxe3 Ne4 {Lednev - Peuraniemi, 2011, corr. That game also finished peacefully.}) 13. Be2 (13. Qe3 Qxe3+ 14. fxe3 Ne4 $44) 13... Re8 14. O-O (14. Qd2 $1 g5 15. Nxg5 Rd8 16. Qf4 Bd6 17. Qf3 $1 Bg4 18. Qe3 Qxe3 19. fxe3 Bxe2 20. Nf3 $1 Bxc4 21. Bxf6 {is clearly better for White.}) 14... Nc6 15. Qf4 Bxc3 16. bxc3 (16. Rxc3 $1 Qxe2 17. Bxf6 gxf6 18. Qxh6 $44) 16... Qxe2 17. Rce1 Re4 $1 18. Qc1 (18. Qc7 $1 Qxf3 $1 19. gxf3 Rxh4 $17) 18... Qxf3 19. gxf3 Rxh4 20. Re3 Rxc4 21. Rd1 Rc5 22. f4 Bf5 23. Qa3 b6 24. Qa4 Rc8 25. Rd6 Nd5 26. Re1 Nxc3 27. Qa6 Nb5 28. Rd2 {0-1 (28) Barsov,A-Kuzmin,A (2440) Tashkent 1987}) ({RR} 12. Qxd4 Re8+ 13. Be2 Qe7 14. O-O Nc6 15. Qe3 Qf8 16. Qd3 Bxc3 17. bxc3 Ne4 18. Rfe1 Bg4 19. h3 Bh5 20. Bf1 Bg6 21. Qd1 Nc5 22. Qd2 Be4 23. Nd4 Ne5 24. Bg3 Qd6 25. Re3 f6 26. Rce1 Bc6 {Sethuraman,S (2645)-Sattarov,B (2433) Delhi IND 2022 1-0 (75)}) ({RR} 12. Qxd4 Re8+ 13. Be2 Qe7 14. O-O Nc6 15. Qe3 Qf8 16. Qd3 Bxc3 17. bxc3 Ne4 18. Rfe1 Bg4 19. h3 Bh5 20. Bf1 Bg6 21. Qd1 Nc5 22. Qd2 Be4 23. Nd4 Ne5 24. Bg3 Qd6 25. Re3 f6 26. Rce1 Bc6 {Sethuraman,S (2645)-Sattarov,B (2433) Delhi IND 2022 1-0 (75)}) 12... Qb6 {White is already facing some problems.} 13. Nf3 $6 (13. a3 $1 {was stronger, e.g.} Rd8 14. Bxf6 $1 Qxf6 15. axb4 Rxd4 16. Qe2 ({or} 16. Qf3 Qxf3 17. gxf3 {. Still, it is White who has to fight for equality, as his kingside is seriously underdeveloped. True, so is Black's queenside, but he can activate his pieces with tempi (...c6, ...e6).})) 13... Rd8 (13... g5 14. Bg3 Rd8 {is a mere transposition.}) 14. Qc2 g5 $1 {Black can afford to play such a move due to his (prospective) lead in development. White is short of time to attack Black's king.} 15. Bg3 Nc6 16. Bd3 {White is lacking one tempo to complete his development. Black needs to act energetically. Hikaru played very quickly until this moment, but here he spent over half an hour.} g4 $1 17. Nh4 (17. Nd2 Ba5 $5 {creates the threats 18...b4, 18...d4 and 18...d4. Still, White might hold after} 18. a3 Qd4 19. Bh4 {, but he needs to see some tricks like} Ne5 $6 (19... Qxd3 $1 20. Qxd3 Rxd3 21. Bxf6 Bf5 22. Nf1 $1 Rd6 23. b4 $1 Rxf6 24. bxa5 Ne5 $1 {is still slightly preferable for Black.}) 20. O-O $1 Nxd3 21. Nb3 {, regaining the material. Not an easy task!}) 17... Bf8 (17... Ba5 $5 18. a3 Nd4 19. Qb1 Re8+ 20. Kf1 Nb3 21. Rd1 Bxc3 22. bxc3 Nc5 {might have been slightly better for Black, but this is very difficult to assess unless you are analysing the game with a strong engine like me.}) 18. Qb1 $1 {This modest retreat is the best way to parry the threat 18...b4.} Re8+ 19. Kf1 {The position is approximately balanced, but Hikaru was in his element. He plays such positions superbly, as I can confirm (too) many times.} Be6 20. h3 (20. Nf5 $1 {is Komodo's choice and perhaps rightly so, but it looks more logical to bring the king into safety.}) 20... Nh5 $1 21. Ne4 {This is not the best move, but White's task was rather hard.} ({Being equipped with Komodo, I tried to discover what happens after} 21. Nf5 {. You are not obliged to read it, of course. I would not if I were just a reader.} Rad8 $1 ({A spectacular line} 21... Nb4 22. hxg4 Nxg3+ 23. Nxg3 Nxd3 24. Qxd3 Qxb2 25. Rb1 Rad8 $1 26. Nd5 $1 Bxd5 $1 27. cxd5 Rxd5 $1 28. Qb3 $1 {might lead to approximate equality.}) 22. Nd5 (22. hxg4 $2 Bxf5 23. gxf5 Nxg3+ 24. fxg3 Nb4 {and the black rooks join the attack with decisive effect.}) 22... Bxd5 23. cxd5 Rxd5 24. hxg4 (24. Bc4 Nxg3+ (24... Rd2 $6 25. Nxh6+ $1 Kg7 26. Nf5+ Kg8 (26... Kh8 $2 27. hxg4 {and there is no check on g3.}) 27. Nh6+ $11) 25. Nxg3 Rd6 26. hxg4 (26. Nf5 g3 $3 (26... Rd2 $2 27. Nxh6+ $1) 27. Nxg3 (27. fxg3 $2 Rf6 28. g4 Qe3 {and White is helpless against numerous threats.}) 27... Rf6 28. Nf5 Bc5 {with a strong attack. White badly misses his kingside rook.}) 26... Ne5 27. Be2 Rd2 {with Black's initiative.}) 24... Nxg3+ 25. Nxg3 Ne5 26. Be2 Rd2 $36) 21... Nxg3+ ({Computers like} 21... gxh3 22. gxh3 {and now for example} Rad8 {, but it does not look very logical to open the g-file.} (22... Kh8 $5)) ({Even} 21... f5 {might be good, but the exhaustive analysis would also be fairly exhausting.}) 22. Nxg3 Rad8 23. hxg4 Ne5 $1 24. Be2 Bxg4 ({Komodo rightly prefers} 24... Bxc4 $1 {, but the organizers rightly prefer human chess to impersonal computer competitions. And we are thankful to them! White's back rank problems would tell, as the following lines show:} 25. Rxc4 (25. Bxc4 $2 Nxc4 26. Rxc4 Rd2 $1 27. Kg1 (27. Rf4 Qxb2 28. Qxb2 Rd1#) 27... Qxf2+ 28. Kh2 Re3 $1 29. Ngf5 Bd6+ 30. Nxd6 Qxh4+ 31. Kg1 Qf2+ 32. Kh2 Qxg2#) 25... Nxc4 26. Bxc4 {gives Black a pleasant choice. , while} Rd2 $1 (26... Qxb2 $6 {allows} 27. Bxf7+ $1 (27. Qg6+ $2 Kh8 $1) 27... Kxf7 28. Qg6+ Ke7 29. Kg1 {with some counterplay.}) 27. Kg1 Qxf2+ 28. Kh2 Re3 $1 29. Bxf7+ Qxf7 {is rather bad for White.}) 25. Bxg4 $2 {This move loses. White probably missed Black's 26th move. He did not have much time left.} ({Both} 25. f3) (25. Nf3 {were better. Black would maintain his initiative, but not more.}) 25... Nxg4 26. Qc2 Bb4 $1 {Black intends 27...d2 and there is no sensible way to parry the threat.} 27. c5 (27. Nf3 Rd2 $1 28. Nxd2 Qxf2#) 27... Qa6+ (27... Qb5+ 28. Kg1 Bxc5 $5 {was even quicker, as} 29. Qxc5 {fails to} Qxc5 30. Rxc5 Rd1+ 31. Nf1 Ree1 {with decisive mate(rial gains). But the text is good enough.}) 28. Kg1 Be1 29. Rh3 Bxf2+ 30. Kh1 Re1+ 31. Rxe1 Bxe1 32. Nf3 Nf2+ 33. Kh2 Nxh3 34. Nxe1 Ng5 35. Qc3 Qg6 {White survived the attack, but his position was left in ruins. Being an exchange down with a weak king and no compensation, he respectfully resigned. It is not easy to defeat a solid GM with the black pieces, but Hikaru displayed very powerful play in a must-win situation.} 0-1